Most Rural Provinces of China - Statistics

General Stats
  • This quiz has been taken 15 times
  • The average score is 11 of 15
Answer Stats
Rural Pop. Province % Correct
31.9M Guangdong
92%
36M Shandong
92%
42.4M Henan
83%
20.7M Hubei
83%
14.2M Shaanxi
83%
34.9M Sichuan
83%
24.4M Anhui
75%
28.5M Hebei
75%
26.2M Hunan
75%
22.4M Guangxi
67%
17.4M Guizhou
67%
21.8M Jiangsu
67%
22.7M Yunnan
67%
17.2M Jiangxi
58%
17.5M Zhejiang
58%
No matching quizzes found
Score Distribution
Percent of People with Each Score
Percentile by Number Answered
Your Score History
You have not taken this quiz